000 00343 a2200169 4500
001 60090
020 _a9788508125968
040 _cAnchieta - Pituba
100 _aAlencar, José de
240 1 0 _aIracema
_lpor
245 1 0 _aIracema
300 _a125
362 0 _a2009
440 1 _aÁtica
650 4 _aFicção brasileira
942 _cBK
999 _c60090
_d60090